• 首页
  • 本馆介绍
  • 公告通知
  • 最新文献
  • 馆藏检索
  • 电子资源
  • 读者导购
  • 参考咨询
  • 我的图书馆
  • 登录
  • 详细信息显示
  • 放入我的书架
  • 预约/预借图书
  • 作者相关作品
  • 分类相关作品
  • 丛书相关作品
  • 出版社相关作品

书目信息

  • 表格格式
  • 工作单格式
  • 卡片格式
题名:
意义哲学纲要
    
 
作者: 刘安刚 著
分册:  
出版信息: 北京   中央编译出版社  1998
页数: 228页
开本: 20cm
丛书名:
单 册:
中图分类: B085
科图分类:
主题词: 新实在论
电子资源:
ISBN: 7-80109-219-8
000 00520nam0 2200193 45
001 0405081034
005 20050318112605.6
010    @a7-80109-219-8@dCNY13.50
100    @a20040508d1998 km y0chiy0120 ea
101 0  @achi
105    @a z 000yy
200 1  @a意义哲学纲要@AYi Yi Zhe Xue Gang Yao@f刘安刚著@FLiu An Gang Zhu
210    @a北京@d1998@c中央编译出版社
215    @a228页@d20cm
606 0  @a新实在论
690    @aB085@v3
701  0 @a刘安刚@4著
801    @aCN@bTSTCL@c20040508
905    @dB085@e15@f1@b282357
    
    意义哲学纲要/刘安刚著.-北京,1998:中央编译出版社
    228页;20cm
    
    
    ISBN 7-80109-219-8:CNY13.50
    
●
相关链接 在E读中查询图书 在五车中查询图书 在当当中查询图书 在豆瓣中查询图书


正题名:意义哲学纲要     索取号:B085/15         预约/预借

序号 登录号 条形码 馆藏地/架位号 状态 备注
1 0282354   002823546   密集书库/ [索取号:B085/15] 在馆    
2 0282355   002823555   密集书库/ [索取号:B085/15] 在馆    
3 0282356   002823564   第一借阅区/ [索取号:B085/15] 在馆    
4 0282357   002823573   第一借阅区/ [索取号:B085/15] 在馆    
5 0282358   002823582   第一样本阅览室/ [索取号:B085/15] 在馆    
唐山师范学院图书馆 欢迎您!
大连网信软件有限公司© 版权所有